Language Quiz - Statistics

General Stats
  • This quiz has been taken 1,294 times
    207 since last reset
  • The average score is 16 of 20
Answer Stats
Hint Answer % Correct
Name a language spoken in the Democratic Republic of the Congo French/Swahili/Kikongo/Lingala
98%
Name a country where they speak German outside of Germany Switzerland/Belgium/Austria/Liechtenstein
97%
What language is spoken in Taipei Mandarin/Taiwanese
96%
What country is the laguage Maori from New Zealand
95%
This is the 2nd official language of India English
94%
What language was the Torah written in Hebrew
92%
Name 1 of the top 2 most spoken languages in Afghanistan Pashto/Persian (Dari)
91%
What language covers the 3rd most area in countries that speak it. (1st is English; 2nd is Russian) Arabic
88%
Name an Indonesian language other than Indonesian Javanese/Balinese/Malay/Sundanese
83%
Name one of the top 3 Tibeto-Burman Language Tibetan/Burmese/Dzongkha
83%
What is Finland called in Finnish Suomi
80%
Name 1 of the top 2 most spoken laguages in Nigeria Yoruba/Igbo
80%
What is the most widely spoken langauge in Ethiopia Amharic
73%
What is the 3rd most popular dialect of Chinese Wu
70%
What are the native languages called from the north of Norway, Sweden, and Finland Sami
68%
3rd most spoken language (native) in South America Quechua
65%
What language is most spoken in Sri Lanka Sinhala
63%
What language is spoken in Kiribati Gilbertese
52%
What is the most common first language in the most populous country that ends in -stan Punjabi
45%
2nd most common language (native) in Mexico Nahuatl (Aztec)
43%
No matching quizzes found
Score Distribution
Percent of People with Each Score
Percentile by Number Answered
Your Score History
You have not taken this quiz since the last reset